00602nam a2200169 a 4500001001000000003000400010005001700014008004100031040002500072082002400097110002700121245002100148260010800169300006700277600003800344650005000382000033508OSt20201116102326.0110830s1936 dr r 000 0 spa d aDO-SdBNPbspacBNPHU 4a972.9305bA524g2221 aRepública Dominicana10aAmor y gratitud. aCiudad Trujillo, República Dominicana :bConsejo Administrativo del Distrito de Santo Domingo,c1936. a1 v. (con varias paginaciones) ;bil., fots., retrs.;c16 cm.14aTrujillo Valdés, José,d1935. 4aCalleszRepública DominicanazSanto Domingo